Naft-i Īrān va marājiʻ-i bayn al-milalī. (Record no. 50758)

MARC details
000 -LEADER
fixed length control field 00619cam a22002291 4500
001 - CONTROL NUMBER
control field ne 68003345
003 - CONTROL NUMBER IDENTIFIER
control field DLC
005 - DATE AND TIME OF LATEST TRANSACTION
control field 20260227111846.0
008 - FIXED-LENGTH DATA ELEMENTS--GENERAL INFORMATION
fixed length control field 890318s1954 xx 000 0 per
010 ## - LIBRARY OF CONGRESS CONTROL NUMBER
LC control number ne 68003345
035 ## - SYSTEM CONTROL NUMBER
System control number (OCoLC)23563148
040 ## - CATALOGING SOURCE
Original cataloging agency DLC
Transcribing agency MiU
Modifying agency DLC
042 ## - AUTHENTICATION CODE
Authentication code premarc
050 00 - LIBRARY OF CONGRESS CALL NUMBER
Classification number JX638
Item number .I65 1954
100 1# - MAIN ENTRY--PERSONAL NAME
Personal name Yazdānpanāh, ʻIzzat Allāh.
245 10 - TITLE STATEMENT
Title Naft-i Īrān va marājiʻ-i bayn al-milalī.
260 ## - PUBLICATION, DISTRIBUTION, ETC.
Date of publication, distribution, etc. [1954]
300 ## - PHYSICAL DESCRIPTION
Extent 151, [2] p.
Dimensions 22 cm.
500 ## - GENERAL NOTE
General note Romanized.
650 #0 - SUBJECT ADDED ENTRY--TOPICAL TERM
Topical term or geographic name entry element Anglo-Iranian Oil Dispute, 1951-1954.
710 1# - ADDED ENTRY--CORPORATE NAME
Corporate name or jurisdiction name as entry element Iran.
Form subheading Laws, statutes, etc.

No items available.

Powered by Koha